00362nam a2200145Ia 4500003000500000008004100005020001800046040001900064082000700083100002000090245004900110260003700159300000800196546001200204STCL181203s9999 xx 000 0 und d a9788173818776 aSTCLbENcSTCL 222 aMukherjee, K.S. 0aOrganic Spectroscopy Through Solved Problems bNew Central AgencyaLondonc2013 a268 aEnglish